Energy Drinks of 2025 - Statistics

General Stats
  • This quiz has been taken 57 times
  • The average score is 6 of 20
Answer Stats
Answer % Correct
Red Bull
96%
Monster Energy
57%
Ghost Energy
47%
Alani Nu
45%
Celsius
45%
C4 Energy
43%
Rockstar Energy
38%
Bang!
36%
Reign
36%
Prime
30%
Bucked Up Energy
21%
Nos
21%
GFuel Energy
13%
Ryse Fuel
13%
Full Throttle
11%
3D Energy
8%
Venom
8%
Mountain Dew Kickstart
6%
Phorm
4%
AMP
2%
No matching quizzes found
Score Distribution
Percent of People with Each Score
Percentile by Number Answered
Your Score History
You have not taken this quiz